| 000 | 00757nam a2200229 a 4500 | ||
|---|---|---|---|
| 001 | 56510 | ||
| 003 | BD-RjUL | ||
| 005 | 20211209080415.0 | ||
| 008 | 161129s1964 ii ||||| |||| 00| 0 ben d | ||
| 020 | _c: IRs 3.00 | ||
| 035 | _a(BD-RjUL)56634 | ||
| 040 |
_aBD-RjUL _bben _cBD-RjUL |
||
| 041 | _aben | ||
| 082 |
_223 _a891.443 _bABS 1964 |
||
| 100 |
_aঅবধূত _9137311 |
||
| 245 | 1 | 0 |
_aসপ্তম্বরা পিনাকিনী / _cঅবধূত |
| 260 |
_aঢাকা : _bগ্রন্থ প্রকাশ, _c১৯৬৪ [১৩৭১] |
||
| 300 |
_a১২১ পৃ. ; _c২১ সেমি . |
||
| 650 |
_aবাংলা উপন্যাস _9168064 |
||
| 650 |
_aBengali Fictions _9168065 |
||
| 942 |
_2ddc _cBK |
||
| 999 |
_c56510 _d56510 |
||